Nationalizing space: cosmetic federalism and the politics of development in Northeast India (Record no. 59214)

000 -LEADER
fixed length control field 01554pab a2200169 454500
008 - FIXED-LENGTH DATA ELEMENTS--GENERAL INFORMATION
fixed length control field 180718b2003 xxu||||| |||| 00| 0 eng d
100 ## - MAIN ENTRY--PERSONAL NAME
Personal name Baruah, Sanjib
245 ## - TITLE STATEMENT
Title Nationalizing space: cosmetic federalism and the politics of development in Northeast India
260 ## - PUBLICATION, DISTRIBUTION, ETC.
Date of publication, distribution, etc. 2003
300 ## - PHYSICAL DESCRIPTION
Extent p.915-39.
362 ## - DATES OF PUBLICATION AND/OR SEQUENTIAL DESIGNATION
Dates of publication and/or sequential designation Nov
520 ## - SUMMARY, ETC.
Summary, etc. Until recently Arunachal Pradesh on India's Northeast frontier was relatively insulated from the processes associated with development. State institutions were barely present during the colonial era. In 1962, however, India and China fought a border war in this area: this war, along with signs of unrest among indigenous peoples in the neighbourhood, exposed India's vulnerabilities in the region. Since then, nationalizing this frontier space by extending the institutions of the state all the way into the international border region has become the thrust of Indian policy. The region's governmental infrastructure was fundamentally redesigned to put in place what can only be described as a cosmetic federal regional order with a number of small states dependent on the central government's largess and subject to monitoring by India's Home Ministry. The new regional order has put Arunachal firmly on a developmentalist track, which has enabled India to meet its national security goals, but at a significant cost to the region. - Reproduced.
650 ## - SUBJECT ADDED ENTRY--TOPICAL TERM
Topical term or geographic name entry element Economic and social development - India, North East
650 ## - SUBJECT ADDED ENTRY--TOPICAL TERM
Topical term or geographic name entry element Economic and social development
773 ## - HOST ITEM ENTRY
Main entry heading Development and Change
909 ## -
-- 59214
Holdings
Withdrawn status Lost status Damaged status Not for loan Permanent Location Current Location Date acquired Serial Enumeration / chronology Barcode Date last seen Price effective from Koha item type
        Indian Institute of Public Administration Indian Institute of Public Administration 2018-07-19 Volume no: 34, Issue no: 5 AR59659 2018-07-19 2018-07-19 Articles

Powered by Koha